000 00514nam a2200193 a 4500
001 BRCA_6901
005 20190320205632.0
008 151111s1902----mx-a######---#000-0#spa-#
041 _aspa
050 4 _bF53 1902
100 1 _aFlammarion, Camille
_d1842-1925
_916288
245 1 0 _aCuriosidades de la ciencia
_cCamilo Flammarión.
260 _aMéxico
_bVda. de Ch. Bouret
_c1902
300 _a204 p.
_bil.
_c18 cm.
500 _aL160
650 1 4 _aCiencia
_xMiscelánea
_917186
902 _aGFM
942 _2lcc
_cB
999 _c6583
_d6583